[Event "4th ChessMates Murmansk 2020"]
[Site "Murmansk"]
[Date "2020.03.14"]
[Round "4.23"]
[White "Putar, Leon"]
[Black "Kirakosyan, Ashot"]
[Result "0-1"]
[WhiteElo "1885"]
[BlackElo "1911"]
[Annotator "TA"]
[PlyCount "72"]
[EventDate "2020.03.13"]
[EventType "team-tourn"]
[EventCountry "RUS"]
[SourceTitle "playchess.com"]
[Source "ChessBase"]
[SourceQuality "1"]

{[%evp 11,72,41,64,54,81,77,79,75,83,52,74,28,25,27,47,24,47,12,24,0,0,-22,-16,-105,-93,-195,-193,-279,-264,-315,-302,-465,-452,-1318,-1290,-2302,-2281,-2279,-2256,-2226,-2182,-29989,-29985,-29981,-29982,-29982,-29983,-3241,-989,-837,-675,-750,-661,-659,-659,-644,-597,-5577,-5489,-5290,-5412,-29989,-29990]} 1. e4 d5 2. exd5 Qxd5 3. d4 Nf6 4. Nf3 Bg4 5. Be2 e6 6. c4 Qd8 7. Nc3 {B01: Scandinavian Defence.} c6 8. h3 Bxf3 9. Bxf3 {White is better.} Bd6 10. O-O O-O {[#]} 11. Ne4 $146 ({Predecessor:} 11. Rb1 Qc7 12. b4 a6 13. Qb3 Rc8 14. g3 Nbd7 15. c5 Be7 16. Re1 Re8 17. Bf4 {½-½ (131) Milov,L (2444)-Sergeev,V (2418) Bayerisch Eisenstein 2017}) 11... Nxe4 12. Bxe4 Qh4 13. Bc2 Nd7 14. Qd3 Nf6 15. b3 Rad8 16. Bb2 Be5 $40 {[%cal Re5d4][%mdl 128] Black attacks.} 17. f4 (17. Rad1 $11 {remains equal.}) 17... Bxf4 $17 18. d5 {[#]} (18. Rae1 $17) 18... e5 $1 $19 {[%cal Rc6d5]} 19. Ba3 (19. Rae1 {might work better.} cxd5 20. Bxe5 Bxe5 21. Rxe5) 19... Rfe8 ({Weaker is} 19... cxd5 20. Bxf8 e4 21. Qd4 $17) 20. d6 e4 21. Qd4 (21. Qe2 $142) 21... Be5 {[%mdl 64] Skewer} (21... Qg3 $2 {[#]} 22. Rxf4 $1 {[%mdl 512]} Qxf4 23. Re1 $19) 22. Qxa7 (22. Qf2 $142 Qxf2+ 23. Kxf2 e3+ 24. Ke2) 22... Qg3 {White must now prevent ...e3.} 23. Bc5 Qh2+ 24. Kf2 Bg3+ 25. Ke3 Qxg2 26. Rac1 Qxh3 27. Rcd1 {[#]} Bf4+ $1 {[%mdl 512]} 28. Ke2 (28. Kxf4 Nh5+) 28... Qg4+ 29. Ke1 Bg3+ (29... e3 $142 30. Rxf4 Qxf4) 30. Kd2 Bxd6 31. Kc1 Bxc5 32. Qxc5 {and the idea Rxf6! leaves White hopeful.} Rxd1+ 33. Bxd1 Qh3 34. Rg1 Qc3+ 35. Kb1 e3 36. Be2 Ne4 {Black took control after the opening. Accuracy: White = 27%, Black = 89%.} 0-1

[Event "4th ChessMates Murmansk 2020"]
[Site "Murmansk"]
[Date "2020.03.14"]
[Round "4.24"]
[White "Mamoshin, Oleg"]
[Black "Timoshenko, Fedor"]
[Result "1-0"]
[WhiteElo "1648"]
[BlackElo "1621"]
[Annotator "NA RC"]
[PlyCount "57"]
[EventDate "2020.03.13"]
[EventType "team-tourn"]
[EventCountry "RUS"]
[SourceTitle "playchess.com"]
[Source "ChessBase"]
[SourceQuality "1"]
[TimeControl "5400+30"]

1. e4 {[%emt 0:00:00]} e5 {[%emt 0:00:00]} 2. Nf3 {[%emt 0:00:00]} Nc6 {[%emt 0:00:00]} 3. Bb5 {[%emt 0:00:00]} Nf6 {[%emt 0:00:00]} 4. d3 {[%emt 0:00:09]} Be7 {[%emt 0:00:09]} 5. Bxc6 {[%emt 0:00:34]} dxc6 {[%emt 0:00:13]} 6. Nxe5 {[%emt 0:00:47]} O-O {[%emt 0:00:17]} 7. O-O {[%emt 0:01:38]} Re8 {[%emt 0:00:47]} 8. Nf3 {[%emt 0:01:38]} Bg4 {[%emt 0:00:13]} 9. h3 {[%emt 0:01:21]} Bh5 {[%emt 0:00:40]} 10. Bf4 {[%emt 0:03:20]} Qd7 {[%emt 0:02:02]} 11. Nbd2 {[%emt 0:09:06]} Rad8 {[%emt 0:03:02]} 12. Re1 {[%emt 0:11:07]} Bb4 {[%emt 0:08:32]} 13. c3 {[%emt 0:13:27]} Bc5 {[%emt 0:13:26]} 14. d4 {[%emt 0:00:24]} Bb6 {[%emt 0:01:58]} 15. Bg5 {[%emt 0:08:48]} Rc8 {[%emt 0:04:22]} 16. Bxf6 {[%emt 0:04:00]} gxf6 {[%emt 0:00:37]} 17. Nc4 {[%emt 0:02:55]} Kh8 {[%emt 0:01:26]} 18. Nxb6 {[%emt 0:01:38]} axb6 {[%emt 0:00:15]} 19. Qd3 {[%emt 0:12:00]} Rg8 {[%emt 0:01:04]} 20. Kh2 {[%emt 0:01:35]} Qd6+ {[%emt 0:02:25]} 21. Kh1 {[%emt 0:04:58]} Rcd8 {[%emt 0:02:43]} 22. Qe3 {[%emt 0:01:51]} Rde8 {[%emt 0:01:41]} 23. Nh4 {[%emt 0:00:49]} Qd7 {[%emt 0:06:17]} 24. Qf4 {[%emt 0:04:48]} Re6 {[%emt 0:06:45]} 25. Re3 {[%emt 0:02:04]} Rg5 {[%emt 0:03:16]} 26. Nf5 {[%emt 0:02:57]} Qd8 {[%emt 0:03:54]} 27. g4 {[%emt 0:01:46]} Bg6 {[%emt 0:04:42]} 28. h4 {[%emt 0:00:08]} Bxf5 {[%emt 0:00:18]} 29. gxf5 {[%emt 0:02:25]} 1-0

[Event "4th ChessMates Murmansk 2020"]
[Site "Murmansk"]
[Date "2020.03.14"]
[Round "4.25"]
[White "Putar, Lara"]
[Black "Khripachenko, Alexander"]
[Result "1-0"]
[WhiteElo "1799"]
[BlackElo "1773"]
[Annotator "NA RC"]
[PlyCount "55"]
[EventDate "2020.03.13"]
[EventType "team-tourn"]
[EventCountry "RUS"]
[SourceTitle "playchess.com"]
[Source "ChessBase"]
[SourceQuality "1"]
[TimeControl "5400+30"]

1. d4 {[%emt 0:00:00]} Nf6 {[%emt 0:00:00]} 2. c4 {[%emt 0:00:00]} g6 {[%emt 0:00:00]} 3. Nf3 {[%emt 0:00:00]} Bg7 {[%emt 0:00:00]} 4. g3 {[%emt 0:00:00]} d5 {[%emt 0:00:03]} 5. Bg2 {[%emt 0:00:48]} O-O {[%emt 0:00:15]} 6. O-O {[%emt 0:00:05]} dxc4 {[%emt 0:00:14]} 7. Na3 {[%emt 0:01:40]} c3 {[%emt 0:00:27]} 8. bxc3 {[%emt 0:00:17]} c5 {[%emt 0:00:04]} 9. Rb1 {[%emt 0:02:58]} Nc6 {[%emt 0:08:40]} 10. Nc2 {[%emt 0:11:45]} Qa5 {[%emt 0:03:39]} 11. d5 {[%emt 0:03:08]} Rd8 {[%emt 0:05:16]} 12. c4 {[%emt 0:02:11]} Qxa2 {[%emt 0:11:40]} 13. Ra1 {[%emt 0:01:30]} Qxc4 {[%emt 0:03:38]} 14. Nd2 {[%emt 0:00:50]} Qc3 {[%emt 0:00:28]} 15. dxc6 {[%emt 0:01:47]} Bf5 {[%emt 0:05:14]} 16. cxb7 {[%emt 0:06:38]} Rab8 {[%emt 0:00:29]} 17. e4 {[%emt 0:04:00]} Be6 {[%emt 0:02:03]} 18. Ra3 {[%emt 0:07:11]} Qe5 {[%emt 0:00:10]} 19. Rxa7 {[%emt 0:02:12]} c4 {[%emt 0:00:53]} 20. Nf3 {[%emt 0:03:07]} Qc7 {[%emt 0:06:32]} 21. Bf4 {[%emt 0:01:11]} Qb6 {[%emt 0:00:30]} 22. Be3 {[%emt 0:01:20]} Qc7 {[%emt 0:00:16]} 23. Qb1 {[%emt 0:00:41]} Nd7 {[%emt 0:01:17]} 24. Bf4 {[%emt 0:04:23]} Ne5 {[%emt 0:00:07]} 25. Nxe5 {[%emt 0:06:58]} Bxe5 {[%emt 0:00:05]} 26. Be3 {[%emt 0:00:51]} Qd6 {[%emt 0:02:20]} 27. Bb6 {[%emt 0:02:27]} Rd7 {[%emt 0:01:20]} 28. Be3 {[%emt 0:06:32]} 1-0

[Event "4th ChessMates Murmansk 2020"]
[Site "Murmansk"]
[Date "2020.03.14"]
[Round "4.26"]
[White "Morar, Kirill"]
[Black "Solovyev, Vladislav B."]
[Result "1-0"]
[WhiteElo "1271"]
[BlackElo "1410"]
[Annotator "NA RC"]
[PlyCount "105"]
[EventDate "2020.03.13"]
[EventType "team-tourn"]
[EventCountry "RUS"]
[SourceTitle "playchess.com"]
[Source "ChessBase"]
[SourceQuality "1"]
[TimeControl "5400+30"]

1. e4 {[%emt 0:00:00]} e5 {[%emt 0:00:00]} 2. Nf3 {[%emt 0:00:00]} Nc6 {[%emt 0:00:00]} 3. Bb5 {[%emt 0:00:00]} a6 {[%emt 0:00:00]} 4. Ba4 {[%emt 0:00:00]} Nf6 {[%emt 0:00:00]} 5. d3 {[%emt 0:00:00]} b5 {[%emt 0:00:02]} 6. Bb3 {[%emt 0:00:00]} d6 {[%emt 0:00:33]} 7. O-O {[%emt 0:00:00]} Be7 {[%emt 0:00:05]} 8. h3 {[%emt 0:00:03]} Na5 {[%emt 0:00:14]} 9. c3 {[%emt 0:00:12]} Nxb3 {[%emt 0:00:32]} 10. Qxb3 {[%emt 0:00:23]} Be6 {[%emt 0:00:06]} 11. Qc2 {[%emt 0:00:06]} O-O {[%emt 0:00:07]} 12. d4 {[%emt 0:00:20]} exd4 {[%emt 0:00:31]} 13. Nxd4 {[%emt 0:00:41]} c5 {[%emt 0:00:19]} 14. Nc6 {[%emt 0:00:59]} Qc7 {[%emt 0:00:08]} 15. Nxe7+ {[%emt 0:01:20]} Qxe7 {[%emt 0:00:05]} 16. Bg5 {[%emt 0:05:52]} Bd7 {[%emt 0:00:16]} 17. Nd2 {[%emt 0:00:42]} h6 {[%emt 0:00:04]} 18. Bh4 {[%emt 0:00:13]} Rfe8 {[%emt 0:00:18]} 19. Rfe1 {[%emt 0:00:54]} Qe6 {[%emt 0:00:30]} 20. Bxf6 {[%emt 0:27:10]} Qxf6 {[%emt 0:00:08]} 21. Rad1 {[%emt 0:00:12]} Qg6 {[%emt 0:00:26]} 22. Qd3 {[%emt 0:00:49]} d5 {[%emt 0:05:41]} 23. Nf1 {[%emt 0:02:15]} Rxe4 {[%emt 0:03:39]} 24. Rxe4 {[%emt 0:02:32]} Bf5 {[%emt 0:00:03]} 25. Ng3 {[%emt 0:02:43]} Bxe4 {[%emt 0:00:52]} 26. Nxe4 {[%emt 0:00:40]} Qxe4 {[%emt 0:00:28]} 27. Qxd5 {[%emt 0:02:00]} Qxd5 {[%emt 0:01:11]} 28. Rxd5 {[%emt 0:00:15]} c4 {[%emt 0:00:04]} 29. Kf1 {[%emt 0:00:27]} Kf8 {[%emt 0:00:04]} 30. Rd7 {[%emt 0:00:19]} Re8 {[%emt 0:00:17]} 31. Rd6 {[%emt 0:03:03]} Re6 {[%emt 0:00:20]} 32. Rxe6 {[%emt 0:09:24]} fxe6 {[%emt 0:00:04]} 33. Ke2 {[%emt 0:00:03]} Ke7 {[%emt 0:00:15]} 34. Ke3 {[%emt 0:00:05]} Kd6 {[%emt 0:00:10]} 35. Ke4 {[%emt 0:00:06]} a5 {[%emt 0:01:16]} 36. a3 {[%emt 0:00:12]} g6 {[%emt 0:04:18]} 37. f4 {[%emt 0:00:50]} g5 {[%emt 0:01:19]} 38. g3 {[%emt 0:06:54]} gxf4 {[%emt 0:05:58]} 39. gxf4 {[%emt 0:01:10]} h5 {[%emt 0:00:38]} 40. h4 {[%emt 0:00:08]} a4 {[%emt 0:00:56]} 41. Kd4 {[%emt 0:00:11]} Kc6 {[%emt 0:00:16]} 42. Ke5 {[%emt 0:00:12]} Kd7 {[%emt 0:00:05]} 43. Kf6 {[%emt 0:00:33]} Kd6 {[%emt 0:00:05]} 44. Kg5 {[%emt 0:00:05]} Kd5 {[%emt 0:00:12]} 45. Kxh5 {[%emt 0:00:08]} Ke4 {[%emt 0:00:03]} 46. Kg5 {[%emt 0:00:14]} Kd3 {[%emt 0:00:05]} 47. h5 {[%emt 0:00:03]} Kc2 {[%emt 0:00:05]} 48. h6 {[%emt 0:00:26]} Kxb2 {[%emt 0:00:04]} 49. h7 {[%emt 0:00:03]} Kxa3 {[%emt 0:00:16]} 50. h8=Q {[%emt 0:00:07]} Kb3 {[%emt 0:01:11]} 51. Qb8 {[%emt 0:08:32]} a3 {[%emt 0:00:17]} 52. Qxb5+ {[%emt 0:00:06]} Kxc3 {[%emt 0:00:05]} 53. Qa4 {[%emt 0:00:08]} 1-0

[Event "4th ChessMates Murmansk 2020"]
[Site "Murmansk"]
[Date "2020.03.14"]
[Round "4.27"]
[White "Iarovoi, Dmitrii"]
[Black "Abbasov, Aziz"]
[Result "1/2-1/2"]
[WhiteElo "1346"]
[BlackElo "1478"]
[Annotator "NA RC"]
[PlyCount "34"]
[EventDate "2020.03.13"]
[EventType "team-tourn"]
[EventCountry "RUS"]
[SourceTitle "playchess.com"]
[Source "ChessBase"]
[SourceQuality "1"]
[TimeControl "5400+30"]

1. d4 {[%emt 0:00:00]} Nf6 {[%emt 0:00:00]} 2. Nf3 {[%emt 0:00:00]} d5 {[%emt 0:00:00]} 3. Bf4 {[%emt 0:00:00]} c6 {[%emt 0:00:00]} 4. e3 {[%emt 0:00:00]} e6 {[%emt 0:00:14]} 5. Nbd2 {[%emt 0:00:00]} Bd6 {[%emt 0:00:10]} 6. Bxd6 {[%emt 0:00:07]} Qxd6 {[%emt 0:00:05]} 7. c4 {[%emt 0:00:04]} O-O {[%emt 0:02:03]} 8. Qc2 {[%emt 0:01:12]} b6 {[%emt 0:02:38]} 9. Be2 {[%emt 0:00:21]} Bb7 {[%emt 0:00:34]} 10. cxd5 {[%emt 0:00:11]} cxd5 {[%emt 0:02:19]} 11. O-O {[%emt 0:00:19]} Nbd7 {[%emt 0:02:21]} 12. h3 {[%emt 0:01:03]} Rfc8 {[%emt 0:04:15]} 13. Qb1 {[%emt 0:04:06]} Rc7 {[%emt 0:05:14]} 14. Rc1 {[%emt 0:00:11]} Rxc1+ {[%emt 0:02:36]} 15. Qxc1 {[%emt 0:00:03]} Rc8 {[%emt 0:00:05]} 16. Qd1 {[%emt 0:01:06]} Qc6 {[%emt 0:08:12]} 17. Qb3 {[%emt 0:04:54]} h6 {[%emt 0:17:17]} 1/2-1/2

[Event "4th ChessMates Murmansk 2020"]
[Site "Murmansk"]
[Date "2020.03.14"]
[Round "4.28"]
[White "Khon, Ilya"]
[Black "Pereverzev, Valerii"]
[Result "0-1"]
[WhiteElo "1223"]
[BlackElo "1379"]
[Annotator "NA RC"]
[PlyCount "88"]
[EventDate "2020.03.13"]
[EventType "team-tourn"]
[EventCountry "RUS"]
[SourceTitle "playchess.com"]
[Source "ChessBase"]
[SourceQuality "1"]
[TimeControl "5400+30"]

1. e4 {[%emt 0:00:00]} c5 {[%emt 0:00:00]} 2. Nf3 {[%emt 0:00:00]} e6 {[%emt 0:00:00]} 3. d4 {[%emt 0:00:00]} cxd4 {[%emt 0:00:00]} 4. Nxd4 {[%emt 0:00:00]} Nf6 {[%emt 0:00:00]} 5. Nc3 {[%emt 0:00:00]} d6 {[%emt 0:00:03]} 6. Bd3 {[%emt 0:00:21]} a6 {[%emt 0:00:11]} 7. a4 {[%emt 0:01:49]} Be7 {[%emt 0:00:12]} 8. O-O {[%emt 0:00:07]} Qc7 {[%emt 0:00:34]} 9. Bd2 {[%emt 0:01:48]} Nc6 {[%emt 0:00:15]} 10. Kh1 {[%emt 0:02:52]} Nxd4 {[%emt 0:00:38]} 11. Be3 {[%emt 0:00:27]} Nc6 {[%emt 0:00:16]} 12. a5 {[%emt 0:00:20]} Nxa5 {[%emt 0:00:36]} 13. Na4 Nc6 {[%emt 0:00:47]} 14. Nb6 {[%emt 0:04:43]} Rb8 {[%emt 0:00:18]} 15. Qe1 {[%emt 0:16:15]} Nd7 {[%emt 0:00:28]} 16. Nxd7 {[%emt 0:02:28]} Bxd7 {[%emt 0:00:10]} 17. f4 {[%emt 0:00:41]} Bf6 {[%emt 0:00:23]} 18. c3 {[%emt 0:00:37]} O-O {[%emt 0:00:16]} 19. Qf2 {[%emt 0:00:33]} Rbc8 {[%emt 0:01:36]} 20. Bb6 Qb8 {[%emt 0:00:11]} 21. Qg3 {[%emt 0:03:22]} g6 {[%emt 0:00:38]} 22. f5 {[%emt 0:16:50]} exf5 {[%emt 0:01:02]} 23. exf5 {[%emt 0:00:21]} Ne5 {[%emt 0:01:05]} 24. fxg6 {[%emt 0:15:29]} fxg6 {[%emt 0:00:07]} 25. Bd4 {[%emt 0:00:26]} Bg7 {[%emt 0:00:41]} 26. Bc2 {[%emt 0:10:31]} Rxf1+ {[%emt 0:00:51]} 27. Rxf1 {[%emt 0:00:05]} Rf8 {[%emt 0:00:41]} 28. Re1 {[%emt 0:01:20]} Be6 {[%emt 0:01:27]} 29. Bxe5 {[%emt 0:19:53]} dxe5 {[%emt 0:00:10]} 30. h3 {[%emt 0:00:25]} Rf7 {[%emt 0:00:23]} 31. Rc1 {[%emt 0:02:03]} Qf8 {[%emt 0:00:13]} 32. Bd3 {[%emt 0:00:19]} Rf2 {[%emt 0:00:30]} 33. b4 {[%emt 0:00:26]} Qf4 {[%emt 0:00:15]} 34. Qxf4 {[%emt 0:00:34]} Rxf4 {[%emt 0:00:14]} 35. Re1 {[%emt 0:00:04]} Bc4 {[%emt 0:00:17]} 36. Bxc4+ {[%emt 0:00:42]} Rxc4 {[%emt 0:00:08]} 37. Rd1 {[%emt 0:00:16]} Rc7 {[%emt 0:00:37]} 38. c4 {[%emt 0:00:10]} e4 {[%emt 0:00:51]} 39. c5 {[%emt 0:00:40]} Bc3 {[%emt 0:00:16]} 40. Rd8+ {[%emt 0:01:05]} Kg7 {[%emt 0:00:12]} 41. Re8 {[%emt 0:00:11]} Bxb4 {[%emt 0:00:18]} 42. Rxe4 {[%emt 0:00:09]} Bxc5 {[%emt 0:00:08]} 43. Rc4 {[%emt 0:00:21]} Bd6 {[%emt 0:00:12]} 44. Rd4 {[%emt 0:00:04]} Rc1+ {[%emt 0:00:21]} 0-1

[Event "4th ChessMates Murmansk 2020"]
[Site "Murmansk"]
[Date "2020.03.14"]
[Round "4.30"]
[White "Zaytsev, Egor"]
[Black "Bueckert, Lucy"]
[Result "1-0"]
[WhiteElo "1871"]
[BlackElo "1302"]
[Annotator "NA RC"]
[PlyCount "61"]
[EventDate "2020.03.13"]
[EventType "team-tourn"]
[EventCountry "RUS"]
[SourceTitle "playchess.com"]
[Source "ChessBase"]
[SourceQuality "1"]
[TimeControl "5400+30"]

{[%evp 8,60,61,32767,32767,32767,32767,32767,32767,32767,59,83,216,202,387,379,818,32767,32767,32767,32767,32767,853,32767,32767,1065,966,706,711,707,743,752,728,32767,804,32767,32767,32767,32767,32767,32767,1062,1025,1079,1153,4986,2320,32767,29976,29976,29997,857,29998,29999,29999]} 1. e4 {[%emt 0:00:00]} d5 {[%emt 0:00:00]} 2. exd5 {[%emt 0:00:00]} Nf6 {[%emt 0:00:00]} 3. d4 {[%emt 0:00:00]} Bg4 {[%emt 0:00:00]} 4. Nf3 {[%emt 0:00:08]} Nxd5 {[%emt 0:00:21]} 5. Be2 {[%emt 0:00:47]} e6 {[%emt 0:00:28]} 6. O-O {[%emt 0:00:43]} c5 {[%emt 0:00:19]} 7. c4 {[%emt 0:02:04] B01: Scandinavian Defence.} Nf6 {[%emt 0:02:39]} 8. h3 {[%emt 0:07:34] [#]} Bf5 $146 {[%emt 0:01:41]} ({Predecessor:} 8... Bh5 9. Be3 Nc6 10. dxc5 b6 11. cxb6 axb6 12. Nc3 Bb4 13. Qc2 O-O 14. Rfd1 Qc7 15. a3 {0-1 (31) Horvath,D (1610)-Rohrleitner,N (1318) Linz 2013}) 9. Nc3 {[%emt 0:00:48]} Nc6 {[%emt 0:02:03]} (9... Be7 $16) 10. d5 {[%emt 0:04:20]} exd5 $2 {[%emt 0:02:07]} (10... Nd4 11. Nxd4 cxd4) 11. cxd5 {[%emt 0:00:03]} Nb4 $2 {[%emt 0:00:26]} (11... Nxd5 12. Nxd5 Qd7) 12. Bb5+ {[%emt 0:01:48]} Bd7 {[%emt 0:03:23]} 13. Re1+ {[%emt 0:00:19]} Be7 {[%emt 0:00:24]} 14. d6 {[%emt 0:00:44]} Bxb5 {[%emt 0:03:40]} 15. Nxb5 {[%emt 0:01:10]} Nbd5 {[%emt 0:01:46]} 16. dxe7 {[%emt 0:02:53]} Nxe7 {[%emt 0:01:19]} 17. Bf4 {[%emt 0:00:40]} O-O {[%emt 0:00:34]} 18. Qxd8 {[%emt 0:01:10]} Rfxd8 {[%emt 0:00:22]} 19. Rxe7 {[%emt 0:00:33]} Nd5 {[%emt 0:00:35]} 20. Re4 {[%emt 0:00:46]} a6 {[%emt 0:03:08]} 21. Nc7 {[%emt 0:00:25]} Nxc7 {[%emt 0:00:40]} 22. Bxc7 {[%emt 0:00:06]} Rd7 {[%emt 0:00:32]} 23. Rae1 {[%emt 0:00:18]} f5 {[%emt 0:01:04]} 24. Re7 {[%emt 0:00:15]} Rxe7 {[%emt 0:00:27]} 25. Rxe7 {[%emt 0:00:05]} Rc8 {[%emt 0:00:30]} 26. Ng5 {[%emt 0:00:13]} h6 {[%emt 0:00:56]} 27. Ne6 {[%emt 0:00:05]} g6 {[%emt 0:01:26]} 28. Be5 {[%emt 0:00:17]} Rc6 {[%emt 0:00:51]} 29. Rg7+ {[%emt 0:00:04] Double Attack} Kh8 {[%emt 0:00:17]} 30. Rxg6+ {[%emt 0:00:02] Discovered Attack} Kh7 {[%emt 0:00:15]} 31. Nf8# {[%emt 0:00:04]} 1-0

[Event "4th ChessMates Murmansk 2020"]
[Site "Murmansk"]
[Date "2020.03.15"]
[Round "5.1"]
[White "Karapetyan, Tigran"]
[Black "Andrijashkin, Deniss"]
[Result "1/2-1/2"]
[WhiteElo "1823"]
[BlackElo "1946"]
[Annotator "TA"]
[PlyCount "114"]
[EventDate "2020.03.13"]
[EventType "team-tourn"]
[EventCountry "RUS"]
[SourceTitle "playchess.com"]
[Source "ChessBase"]
[SourceQuality "1"]

{[%evp 9,114,30,30,24,33,17,23,6,25,8,35,24,39,18,47,20,26,7,2,14,104,52,47,53,42,8,45,0,0,0,0,0,0,0,0,-19,8,0,0,0,0,0,0,0,33,0,32,17,19,18,44,0,64,54,84,-9,-17,-17,34,43,49,60,53,20,61,0,0,0,63,80,90,0,0,0,0,0,0,0,0,0,0,0,0,0,0,0,0,0,0,0,0,0,0,0,0,0,0,0,0,-8,0,0,0,-8,0,0,0]} 1. e4 e6 2. d4 d5 3. Nc3 h6 4. Bd3 Bb4 5. exd5 exd5 6. Nge2 {C10: French with 3 Nc3: Unusual Black 3rd moves and 3...dxe4.} Nf6 7. O-O Nc6 8. Bf4 {White has an edge.} Be6 {[#]} 9. a3 $146 ({Predecessor:} 9. Na4 O-O 10. c3 Bd6 11. Qd2 b6 12. b3 Ne7 13. Ng3 Bxf4 14. Qxf4 Qd6 15. Qxd6 {½-½ (15) Lazovic,G (2305)-Stanojevic,B (2305) Skofja Loka 1998}) 9... Bxc3 (9... Bd6 {keeps more tension.} 10. Qd2 O-O 11. Rae1 Re8 12. Nd1 a6) 10. bxc3 Nh5 11. Re1 g5 12. Bg3 (12. Bd2 {is interesting.} Qd6 13. a4 O-O-O 14. a5 Kb8 15. Qb1) 12... Qd7 13. Nc1 (13. h3 {feels hotter.} O-O 14. Bh2 f5 15. f4 g4 16. hxg4 fxg4 17. Bg6) 13... Nxg3 14. fxg3 Ne7 (14... O-O $11) 15. Qe2 (15. Nb3 $16 {Hoping for Nc5.} b6 16. Qf3) 15... Qd6 $14 16. Nb3 b6 17. a4 a5 18. c4 dxc4 $1 19. Bxc4 Bxc4 20. Qxc4 O-O 21. Nd2 Kg7 22. c3 Ng6 23. Ne4 Qd7 24. d5 Rae8 25. Qd4+ f6 26. c4 Re5 27. Re3 Qe7 28. Rae1 Re8 29. g4 Kh7 30. Kf2 Nf4 (30... Kg7 $11) 31. g3 Ng6 32. Nd2 (32. d6 $16 cxd6 33. Qxb6) 32... Rxe3 $11 33. Rxe3 Qxe3+ (33... Ne5 $11 34. Kg2 Qd7) 34. Qxe3 $14 Rxe3 35. Kxe3 $11 {[%mdl 4096] Endgame KN-KN} Ne5 36. h3 Kg6 37. Kd4 (37. Ke4 $1 $14) 37... Nd7 $1 38. Ne4 f5 (38... h5 $1 $11) 39. gxf5+ $14 Kxf5 {[#]} 40. Nc3 (40. d6 $1 $16 {[%cal Rd6c7]} cxd6 41. Nxd6+ Ke6 42. Ne4) 40... Nc5 {The position is equal.} 41. Nb5 Nxa4 42. Nxc7 Nc5 43. g4+ Kf6 44. Nb5 Nb3+ 45. Kc3 Nc5 46. Nd6 Nd7 47. Kd4 Nc5 48. Nc8 Nd7 49. Na7 Ke7 50. Nb5 Kf6 51. Nc7 Ke7 52. Nb5 Kf6 53. Nc3 Nc5 54. Ne2 Nd7 55. Ng3 Nc5 56. Nf1 Nb3+ 57. Kc3 Nc5 {Accuracy: White = 78%, Black = 76%.} 1/2-1/2

[Event "4th ChessMates Murmansk 2020"]
[Site "Murmansk"]
[Date "2020.03.15"]
[Round "5.2"]
[White "Vaino, Nikita"]
[Black "Illina, Natalia"]
[Result "0-1"]
[WhiteElo "1788"]
[BlackElo "2081"]
[Annotator "TA"]
[PlyCount "46"]
[EventDate "2020.03.13"]
[EventType "team-tourn"]
[EventCountry "RUS"]
[SourceTitle "playchess.com"]
[Source "ChessBase"]
[SourceQuality "1"]

{[%evp 9,46,-32,-31,-23,-33,-27,-21,-30,-25,-32,-31,-29,-31,-31,-15,-31,-29,-52,0,0,0,-37,-25,-42,-31,-43,-33,-49,-30,-56,-27,-329,-327,-329,-325,-350,-339,-29993,-29994]} 1. g3 e5 2. Bg2 Nf6 3. Nc3 d5 4. d3 d4 5. Ne4 Nxe4 6. Bxe4 {A00: Irregular Openings.} Bd6 7. e3 {[#]} dxe3 $146 ({Predecessor:} 7... O-O 8. exd4 exd4 9. Ne2 c5 10. O-O Nd7 11. Nf4 Nf6 12. Bf3 Rb8 13. a4 Re8 {0-1 (63) Bannoura,J-Ornstein,A (2392) Stockholm 2012}) 8. Bxe3 {The position is equal.} f5 9. Bg2 O-O 10. Nf3 Nc6 11. O-O Bd7 12. c4 f4 13. Bd2 Qc8 ({Better is} 13... Qf6 $15) 14. Qb3 Kh8 15. Rac1 Bc5 16. Kh1 Bg4 17. Bc3 Rb8 18. Rce1 Qf5 {Hoping for ...Qh5.} 19. Re4 {[%cal Rf3e5]} Bd6 (19... fxg3 $5 {[%cal Rg4f3]} 20. Nxe5 Bh3 $17) 20. Qb5 $2 {[%mdl 8192] [#] Loses the game.} (20. gxf4 $11 {and White stays safe.} exf4 21. Rg1) 20... Qh5 $19 21. Nxe5 Nxe5 ({Not} 21... f3 $2 22. Nxg4 fxg2+ 23. Kxg2 $18) 22. Bxe5 {Strongly threatening f3.} f3 23. Bxd6 $2 {[#]} (23. Kg1 $19 fxg2 24. Rfe1) 23... fxg2+ {Accuracy: White = 65%, Black = 89%.} 0-1

[Event "4th ChessMates Murmansk 2020"]
[Site "Murmansk"]
[Date "2020.03.15"]
[Round "5.3"]
[White "Kirakosyan, Ashot"]
[Black "Aga, Rihard"]
[Result "0-1"]
[WhiteElo "1911"]
[BlackElo "2054"]
[Annotator "TA"]
[PlyCount "90"]
[EventDate "2020.03.13"]
[EventType "team-tourn"]
[EventCountry "RUS"]
[SourceTitle "playchess.com"]
[Source "ChessBase"]
[SourceQuality "1"]

{[%evp 9,90,-14,-9,-11,0,-4,2,-37,-14,-30,13,-10,-18,-43,-37,-44,-45,-37,-31,-361,-351,-358,-333,-356,-331,-318,-310,-313,-317,-315,-299,-380,-373,-369,-367,-369,-345,-387,-356,-350,-337,-330,-333,-329,-310,-352,-338,-417,-417,-531,-502,-670,-670,-781,-785,-768,-782,-781,-746,-740,-684,-891,-884,-1197,-1165,-1161,-1117,-1156,-1107,-1115,-972,-1052,-1027,-29983,-29983,-29990,-29988,-29995,-29996,-29996,-29996,-29996,-29997]} 1. Nc3 d5 2. e4 d4 3. Nce2 c5 4. Ng3 Nc6 5. Bc4 Nf6 6. d3 {A00: Irregular Openings.} a6 7. a3 e6 8. Nf3 {The position is equal.} Qc7 9. O-O Bd6 {[#]} 10. Qe2 $146 ({Predecessor:} 10. c3 dxc3 11. bxc3 Na5 12. Ba2 c4 13. Re1 Bxg3 14. hxg3 cxd3 15. Qxd3 O-O 16. e5 {1-0 (76) Havenaar,J (2015)-Thompson,I (2310) Guernsey 1995}) 10... h5 11. Nh4 Bf4 12. Qd1 g5 $36 {[%mdl 2048] Black fights for an advantage.} 13. Bxf4 Qxf4 14. Qf3 $2 {[%mdl 8192]} (14. Nf3 $15) 14... Qe5 $19 15. Nhf5 {If only White now had time for Nd6+....} exf5 16. exf5 {[#] Black must now prevent Rae1.} Kf8 17. Rae1 Qf4 18. Qxf4 gxf4 19. Ne4 Nxe4 20. dxe4 Ne5 21. Bd5 Ra7 22. f3 Ke7 23. Kf2 Rd8 24. g3 fxg3+ 25. hxg3 b5 26. Rh1 Rh8 27. Rh4 Bb7 28. Bxb7 Rxb7 29. g4 d3 30. Rg1 dxc2 31. Ke2 Rd8 {[#] And now ...Rbd7 would win.} 32. Rc1 hxg4 33. fxg4 Nc6 34. Ke3 Nd4 35. g5 b4 36. a4 c4 37. g6 c3 38. b3 Nxb3 39. Rxc2 Nd4 40. Rc1 c2 {aiming for ...b3.} 41. g7 b3 {Black mates.} 42. Rh8 b2 43. Rxd8 bxc1=Q+ 44. Kf2 Qf4+ 45. Kg2 Qg4+ {[%mdl 64] Double Attack. White got outplayed after the opening. Accuracy: White = 55%, Black = 97%.} 0-1